Philo of Alexandria, On planting : introduction, translation, and commentary /
"The Jewish exegete and philosopher Philo of Alexandria has long been famous for his complex and spiritually rich allegorical treatises on the Greek Bible. The present volume presents first translation and commentary in English on his treatise De plantatione (On planting), following on the volu...
المؤلف الرئيسي:
مؤلفون آخرون: ,
التنسيق: كتاب الكتروني
اللغة:
English
Ancient Greek
منشور في:
Leiden Boston :
BRILL,
2020.
سلاسل:
Philo of Alexandria Commentary Series;
volume 5.
Biblical Studies, Ancient Near East and Early Christianity E-Books Online, Collection 2020, ISBN: 9789004407367.
الموضوعات:
الوصول للمادة أونلاين: Login to view Source
الوسوم: إضافة وسم
رقم الطلب: B689.D4352 E5 2020
| LEADER | 03018cam a22005298i 4500 | ||
|---|---|---|---|
| 001 | BRILL9789004417519 | ||
| 003 | nllekb | ||
| 005 | 20210602101802.0 | ||
| 006 | m d | ||
| 007 | cr un uuuua | ||
| 008 | 191031s2020 ne b 001 0 eng | ||
| 020 | |a 9789004417519 |q (electronic book) | ||
| 020 | |z 9789004416857 |q (print) | ||
| 024 | 7 | |a 10.1163/9789004417519 |2 DOI | |
| 035 | |a (OCoLC)1127936926 | ||
| 040 | |a NL-LeKB |c NL-LeKB |e rda | ||
| 041 | 1 | |a eng |h grc | |
| 050 | 0 | 0 | |a B689.D4352 |b E5 2020 |
| 072 | 7 | |a HRJ |2 bicssc | |
| 072 | 7 | |a REL |x 40000 |2 bisacsh | |
| 082 | 0 | 0 | |a 222/.11068 |2 23 |
| 100 | 0 | |a Philo, |c of Alexandria, |e author. | |
| 240 | 1 | 0 | |a De plantatione. |l English |
| 245 | 1 | 0 | |a Philo of Alexandria, On planting : |b introduction, translation, and commentary / |c by David T. Runia, Albert C. Geljon. |
| 246 | 3 | |a On planting | |
| 264 | 1 | |a Leiden Boston : |b BRILL, |c 2020. | |
| 300 | |a 1 online resource. | ||
| 336 | |a text |b txt |2 rdacontent | ||
| 337 | |a unmediated |b n |2 rdamedia | ||
| 338 | |a volume |b nc |2 rdacarrier | ||
| 490 | 1 | |a Philo of Alexandria Commentary Series; |v volume 5 | |
| 490 | 1 | |a Biblical Studies, Ancient Near East and Early Christianity E-Books Online, Collection 2020, ISBN: 9789004407367 | |
| 504 | |a Includes bibliographical references and index. | ||
| 520 | |a "The Jewish exegete and philosopher Philo of Alexandria has long been famous for his complex and spiritually rich allegorical treatises on the Greek Bible. The present volume presents first translation and commentary in English on his treatise De plantatione (On planting), following on the volume devoted to On cultivation published previously by the same two authors. Philo gives a virtuoso performance as allegorist, interpreting Noah's planting of a vineyard in Genesis 9.20 first in theological and cosmological terms, then moving to the spiritual quest of both of advanced souls and those beginning their journey. The translation renders Philo's baroque Greek into readable modern English. The commentary pays particular attention to the treatise's structure, its biblical basis and its exegetical and philosophical contents". | ||
| 600 | 0 | 0 | |a Philo, |c of Alexandria. |t De plantatione. |
| 630 | 0 | 0 | |a Bible. |p Genesis, IX, 20 |x Criticism, interpretation, etc. |
| 650 | 0 | |a Philosophy, Ancient. | |
| 650 | 0 | |a Planting (Plant culture) |v Early works to 1800. | |
| 700 | 1 | |a Geljon, Albert C., |e translator. | |
| 700 | 1 | |a Runia, David T., |e translator. | |
| 776 | 0 | 8 | |i Print version: |t Philo of Alexandria, On planting: introduction, translation, and commentary, |d Leiden Boston: BRILL, 2020 |w 9789004416857 |
| 830 | 0 | |a Philo of Alexandria Commentary Series; |v volume 5. | |
| 830 | 0 | |a Biblical Studies, Ancient Near East and Early Christianity E-Books Online, Collection 2020, ISBN: 9789004407367. | |
| 856 | 4 | |z DOI: |u http://dx.doi.org/10.1163/9789004417519 | |
| 942 | |c EBOOK | ||
| 952 | |0 0 |1 0 |4 0 |7 1 |9 14667 |a BRILL |b BRILL |d 2021-06-02 |l 0 |r 2021-06-02 00:00:00 |w 2021-06-02 |y EBOOK | ||
| 999 | |c 36116 |d 36116 | ||
